00390pab a2200145 454500008004000000100002300040245005400063260000900117300001500126362000800141650002400149650001100173650001200184773004800196180718b2017 xxu||||| |||| 00| 0 eng d aGahan, Peter et al aThe ageing workforce: policy dilemmas and choices c2017 ap.511-523. aDec aEmployment - Policy aAgeing aOld age aAustralian Journal of Public Administration